000 00551cam a22002051 4500
001 sa 67002307
003 DLC
005 20260227112330.0
008 820921s1966 ii ac 000 0beng
010 _asa 67002307
035 _a(OCoLC)8793725
040 _aDLC
_cMoU
_dOCoLC
_dDLC
042 _apremarc
050 0 0 _aDS481.G23
_bD4
100 1 _aDesai, B. K.
245 0 0 _aIndira Gandhi,
_bcall to greatness.
260 _aBombay,
_bPopular Prakashan
_c[1966]
300 _a117 p.
_billus., ports.
_c18 cm.
600 1 0 _aGandhi, Indira,
_d1917-1984.
999 _c73192
_d73192